000 00529nam a2200145 a 4500
008 120416s1980 ||||||||||||||||| || u
050 _aHC 187 Tay
100 _aTaylor, Lance
245 1 0 _aModels of growth and distribution for Brazil
260 _aNew York
_bOxford University Press
_c1980
350 _a0.00
650 0 _aECONOMICS
650 _aECONOMIC GROWTH--BRAZIL
995 _D0.00
_FCBU-MAIN LIBRARY (Kitwe)
_H1
_I6.96
_M1
_UAVAILABLE
_ZAnnex Low-Usage Collection
999 _c51396
_d51396